MARC

LEADER 00000nam0a2200000 4500
001 4473
005 20231030175119.0
010 |a 5701400573 
035 |a (RuTPU)RU\TPU\book\4497 
035 |a BOOK00004512 
090 |a 4473 
100 |a 20011209d1997 m y0rusy50 ca 
101 0 |a rus 
102 |a RU 
105 |a y j 000zy 
200 1 |a Психология управления  |e Курс лекций  |f Л. К. Аверченко, Г. М. Залесов, Р. И. Мокшанцев, В. М. Николаенко 
210 |a Новосибирск  |c Изд-во НГАЭиУ  |d 1997 
215 |a 150 с. 
225 1 |a Высшее образование 
610 1 |a психология 
610 1 |a социальная психология 
610 1 |a управление 
610 1 |a учебные пособия 
686 |a Ю954я73  |v LBC/SL-A  |2 rubbk 
701 1 |a Аверченко  |b Л. К.  |g Любовь Кузьминична 
701 1 |a Залесов  |b Г. М. 
701 1 |a Мокшанцев  |b Р. И. 
701 1 |a Николаенко  |b В. М. 
801 0 |a RU  |b 63413507  |c 20011209  |g PSBO 
801 2 |a RU  |b 63413507  |c 20170427  |g PSBO 
900 |a Социология и психология управления 
900 |a Психология 
942 |c BK